000 01056 a2200253 4500
999 _c9549
_d9549
020 _a9780195596328
020 _a0195596323
050 0 0 _aHD57.7 CHE 2015
100 1 _aCherry, Nita,
_eauthor.
245 1 0 _aEnergising leadership /
_cNita Cherry.
264 1 _aOxford :
_bOxford University Press,
_c2015.
300 _avii, 320 pages ;
500 _aIncludes bibliographical references (pages 307-314) and index.
504 _aIncludes bibliographical references (pages 307-314) and index.
650 0 _aLeadership.
650 0 _aDevelopment leadership.
650 7 _aDevelopment leadership.
650 7 _aLeadership.
856 4 2 _3Contributor biographical information
_uhttps://www.loc.gov/catdir/enhancements/fy1614/2016301715-b.html
856 4 2 _3Publisher description
_uhttps://www.loc.gov/catdir/enhancements/fy1614/2016301715-d.html
856 4 1 _3Table of contents only
_uhttps://www.loc.gov/catdir/enhancements/fy1614/2016301715-t.html
942 _2lcc
_cBK
_h57.7
_iCHE
_kHD